VPLYV GLOBÁLNYCH PROBLÉMOV ŽIVOTNÉHO PROSTREDIA NA HOSPODÁRSKU OBLASŤ bakalárska práca

Enregistré dans:
Détails bibliographiques
Auteur principal: Alakszová, Barbara
Collectivité auteur: Národohospodárska fakulta EU. Katedra hospodárskej politiky
Autres auteurs: Choluj, Vladimír
Format: Livre
Langue:slovaque
Publié: Bratislava 2012
Tags: Ajouter un tag
Pas de tags, Soyez le premier à ajouter un tag!

MARC

LEADER 00000nbm a2200000 4500
001 0156103
005 20161109111938.4
041 0 |a slo 
044 |a SK 
245 1 0 |a VPLYV GLOBÁLNYCH PROBLÉMOV ŽIVOTNÉHO PROSTREDIA NA HOSPODÁRSKU OBLASŤ  |b bakalárska práca  |c Barbara Alakszová ; školiteľ: Vladimír Choluj 
264 1 |a Bratislava  |c 2012 
300 |a 68 s. 
100 1 |a Alakszová, Barbara 
700 1 |a Choluj, Vladimír 
710 2 |a Národohospodárska fakulta EU. Katedra hospodárskej politiky